000 00531nam a2200181Ia 4500
003 GCL
008 140319s9999 xx 000 0 eng d
040 _aGCL /
_cGCL
082 0 4 _a895.1
_bL C
100 1 _aLOU, JOSEPH S.M
245 1 0 _aTHE COLUMBIA ANTHOLOGY OF MODERN CHINESE LITERATURE /
_cLOU, JOSEPH S.M
700 1 _aGOLDBLOTT, HOWARD
260 _a[S.N] :
_bCOLUMBIA UNIVERSITY PRASS ،
_c1995
300 _a726 P
650 0 4 _aCHINESE LITERATURE - 20TH CENTUR
650 0 4 _aTRANSLATION INTO ENGLISH
942 _2ddc
_cBK
999 _c13824
_d13824